<?xml version="1.0" encoding="UTF-8"?>
<record
    xmlns:xsi="http://www.w3.org/2001/XMLSchema-instance"
    xsi:schemaLocation="http://www.loc.gov/MARC21/slim http://www.loc.gov/standards/marcxml/schema/MARC21slim.xsd"
    xmlns="http://www.loc.gov/MARC21/slim">

  <leader>05644nam a2200553 a 4500</leader>
  <controlfield tag="001">dia_7551</controlfield>
  <controlfield tag="003">CHAP</controlfield>
  <controlfield tag="005">20240802113802.0</controlfield>
  <controlfield tag="007">ta</controlfield>
  <controlfield tag="008">220117s2018    mx ado fsm    001 0 spa d</controlfield>
  <datafield tag="010" ind1=" " ind2=" ">
    <subfield code="a">178691</subfield>
  </datafield>
  <datafield tag="040" ind1=" " ind2=" ">
    <subfield code="c">CHAP</subfield>
    <subfield code="a">mxchpua</subfield>
    <subfield code="e">rda</subfield>
  </datafield>
  <datafield tag="041" ind1="0" ind2=" ">
    <subfield code="a">spa</subfield>
    <subfield code="b">eng</subfield>
  </datafield>
  <datafield tag="090" ind1=" " ind2=" ">
    <subfield code="a">Tesis </subfield>
    <subfield code="b">M372 </subfield>
    <subfield code="c">2018</subfield>
  </datafield>
  <datafield tag="100" ind1="1" ind2=" ">
    <subfield code="a">Mart&#xED;nez L&#xF3;pez, Ang&#xE9;lica</subfield>
  </datafield>
  <datafield tag="240" ind1="1" ind2="0">
    <subfield code="a">Modified atmosphere system to the handling of blackberry (Rubus fructicosus L.) fruit in postharvest. </subfield>
    <subfield code="l">Espa&#xF1;ol</subfield>
  </datafield>
  <datafield tag="245" ind1="1" ind2="0">
    <subfield code="a">Sistema de atm&#xF3;sfera modificada para el manejo de frutos de Zarzamora (Rubus fructicosus L.) en postcosecha /</subfield>
    <subfield code="c">Ang&#xE9;lica Mart&#xED;nez L&#xF3;pez</subfield>
  </datafield>
  <datafield tag="264" ind1=" " ind2=" ">
    <subfield code="a">Chapingo, M&#xE9;xico :</subfield>
    <subfield code="b">El autor,</subfield>
    <subfield code="c">2018</subfield>
  </datafield>
  <datafield tag="300" ind1=" " ind2=" ">
    <subfield code="a">xii, 97 hojas :</subfield>
    <subfield code="b">ilustraciones, gr&#xE1;ficas, tablas, fotos +</subfield>
    <subfield code="e">1 CD-ROM</subfield>
  </datafield>
  <datafield tag="336" ind1=" " ind2=" ">
    <subfield code="2">rdacontent</subfield>
    <subfield code="a">texto</subfield>
    <subfield code="b">txt</subfield>
  </datafield>
  <datafield tag="337" ind1=" " ind2=" ">
    <subfield code="2">rdamedia</subfield>
    <subfield code="a">no mediado</subfield>
    <subfield code="b">n</subfield>
  </datafield>
  <datafield tag="338" ind1=" " ind2=" ">
    <subfield code="2">rdacarrier</subfield>
    <subfield code="a">volumen</subfield>
    <subfield code="b">nc</subfield>
  </datafield>
  <datafield tag="500" ind1=" " ind2=" ">
    <subfield code="a">El CD contiene art&#xED;culo y reporte</subfield>
  </datafield>
  <datafield tag="502" ind1=" " ind2=" ">
    <subfield code="a">Tesis </subfield>
    <subfield code="b">(Maestro en Ciencias en Ciencia y Tecnolog&#xED;a Agroalimentaria) -- </subfield>
    <subfield code="c">UACh. Departamento de Ingenier&#xED;a Agroindustrial, </subfield>
    <subfield code="d">2018</subfield>
  </datafield>
  <datafield tag="504" ind1=" " ind2=" ">
    <subfield code="a">Bibliograf&#xED;a: hojas 95-97</subfield>
  </datafield>
  <datafield tag="520" ind1="3" ind2=" ">
    <subfield code="a">El fruto de zarzamora (Rubus fructicosus L.) se caracteriza por un alto valor econ&#xF3;mico y por poseer propiedades funcionales que contribuyen a mejorar la salud del consumidor. Este fruto presenta alta tasa respiratoria que conlleva a una acelerada senescencia durante el manejo en fresco. El objetivo de este trabajo fue evaluar el efecto de la temperatura y del manejo en atm&#xF3;sfera modificada con microperforado (AM-M) sobre el comportamiento postcosecha del fruto de zarzamora, para favorecer el alargamiento de su vida de anaquel. Se condujo un almacenamiento en AM con tres niveles de microperforado a 4 y 23 &#xB0;C. La presencia de hongos fue el principal factor limitante de la vida postcosecha de los frutos. A 23 &#xB0;C la vida &#xFA;til fue de 3 a 4 d, mientras que con AM-M a 4 &#xB0;C la vida de anaquel se alarg&#xF3; hasta por 18 d. Para reducir la incidencia de hongos se determin&#xF3; la capacidad inhibitoria de aceite esencial de or&#xE9;gano. Se identificaron tres tipos de hongos (Alternaria alternata, Aspergillus carbonarius y Penicillum digitatum) como causantes del da&#xF1;o postcosecha. La CMI in vitro fue 0.4, 0.2 y 0.2 ?L mL-1 para A. carbonarius, A. alternata, y P. digitatum, respectivamente. En pruebas in vivo la CMI del crecimiento de los tres hongos fue de 0.8 ?L mL-1 de aceite esencial. Se evalu&#xF3; el efecto de un empaque activo basado en AM-M y la incorporaci&#xF3;n de un aceite esencial como agente antimicrobiano para disminuir el da&#xF1;o causado por hongos a 23 &#xB0;C. La vida postcosecha a esta temperatura fue de 5 a 6 d con buenas caracter&#xED;sticas fisiol&#xF3;gicas y qu&#xED;micas, aunque con ligeras variaciones en el sabor de los frutos. El manejo de frutos de zarzamora en refrigeraci&#xF3;n con AM-M es una alternativa adecuada para alargar la vida &#xFA;til de los frutos. --</subfield>
  </datafield>
  <datafield tag="520" ind1="3" ind2=" ">
    <subfield code="a"> The fruit of blackberry (Rubus fructicosus L.) is characterized by a high economic value and by having functional properties that contribute to improving consumer health. This fruit has a high respiratory rate that leads to an accelerated senescence during handling in fresh. The objective of this work was to evaluate the effect of temperature and management in modified atmosphere with microperforated (AM-M) on the post-harvest behavior of the blackberry fruit, to favor the lengthening of its shelf life. A MA-M storage was conducted with three microperforation levels at 4 and 23 &#xB0;C. The presence of fungi was the main limiting factor of the postharvest life of fruit. At 23 &#xB0;C shelf life was 3-4 d, while with AM-M at 4 &#xB0;C shelf life was extended up to 18 d. To reduce the incidence of fungi the inhibitory capacity of oregano essential oil was determined. Three types of fungi (Alternaria alternata, Aspergillus carbonarius and Penicillum digitatum) were identified as causing postharvest damage. The MIC in vitro was 0.4, 0.2 and 0.2 ?L mL-1 for A. carbonarius, A. alternata, and P. digitatum, respectively. In vivo tests the MIC of the growth of the three fungi was 0.8 ?L mL-1 of essential oil. The effect of an active package based on AM M was evaluated and the incorporation of an essential oil as an antimicrobial agent to reduce the damage caused by fungi at 23 &#xB0; C. The post-harvest life at this temperature was 5 to 6 d with good physiological and chemical characteristics, although with slight variations in the taste of the fruits. The management of fruits of blackberry in refrigeration with AM-M is an adequate alternative to extend the useful life of the fruits.</subfield>
  </datafield>
  <datafield tag="650" ind1="1" ind2="3">
    <subfield code="a">Zarzamora   </subfield>
    <subfield code="2">atg</subfield>
  </datafield>
  <datafield tag="650" ind1="1" ind2="3">
    <subfield code="a">Alimentos m&#xED;nimamente procesados  </subfield>
    <subfield code="2">atg</subfield>
  </datafield>
  <datafield tag="650" ind1="1" ind2="3">
    <subfield code="a">Alimentos refrigerados  </subfield>
    <subfield code="2">atg</subfield>
  </datafield>
  <datafield tag="650" ind1="1" ind2="3">
    <subfield code="a">Tratamiento postcosecha  </subfield>
    <subfield code="2">atg</subfield>
  </datafield>
  <datafield tag="650" ind1="1" ind2="3">
    <subfield code="a">Preservaci&#xF3;n de alimentos  </subfield>
    <subfield code="2">atg</subfield>
  </datafield>
  <datafield tag="650" ind1="1" ind2="3">
    <subfield code="a">Almacenamiento bajo atm&#xF3;sfera controlada  </subfield>
    <subfield code="2">atg</subfield>
  </datafield>
  <datafield tag="650" ind1="1" ind2="3">
    <subfield code="a">Blackberries   </subfield>
    <subfield code="2">atg</subfield>
  </datafield>
  <datafield tag="650" ind1="1" ind2="3">
    <subfield code="a">Chilled food  </subfield>
    <subfield code="2">atg</subfield>
  </datafield>
  <datafield tag="650" ind1="1" ind2="3">
    <subfield code="a">Controlled atmosphere storage  </subfield>
    <subfield code="2">atg</subfield>
  </datafield>
  <datafield tag="650" ind1="1" ind2="3">
    <subfield code="a">Food preservation  </subfield>
    <subfield code="2">atg</subfield>
  </datafield>
  <datafield tag="650" ind1="1" ind2="3">
    <subfield code="a">Minimally processed foods  </subfield>
    <subfield code="2">atg</subfield>
  </datafield>
  <datafield tag="650" ind1="1" ind2="3">
    <subfield code="a">Postharvest treatment</subfield>
    <subfield code="2">atg</subfield>
  </datafield>
  <datafield tag="700" ind1="1" ind2=" ">
    <subfield code="a">Valle Guadarrama, Salvador</subfield>
    <subfield code="e">director</subfield>
  </datafield>
  <datafield tag="700" ind1="1" ind2=" ">
    <subfield code="a">Arevalo Galarza, Ma. de Lourdes Catalina</subfield>
    <subfield code="e">asesora</subfield>
  </datafield>
  <datafield tag="700" ind1="1" ind2=" ">
    <subfield code="a">Guerra Ram&#xED;rez, Diana</subfield>
    <subfield code="e">asesora</subfield>
  </datafield>
  <datafield tag="856" ind1="4" ind2="1">
    <subfield code="u">http://10.13.5.2/tesis/sist115325.pdf</subfield>
    <subfield code="y">DESCARGAR PDF</subfield>
  </datafield>
  <datafield tag="901" ind1=" " ind2=" ">
    <subfield code="a">TESIS M372 2018</subfield>
  </datafield>
  <datafield tag="902" ind1=" " ind2=" ">
    <subfield code="a">M</subfield>
  </datafield>
  <datafield tag="905" ind1=" " ind2=" ">
    <subfield code="a">5132272018                          mx nml 8223123322spa16</subfield>
  </datafield>
  <datafield tag="942" ind1=" " ind2=" ">
    <subfield code="c">TESIS</subfield>
    <subfield code="2">Clasificaci&#xF3;n Universidad Aut&#xF3;noma Chapingo</subfield>
  </datafield>
  <datafield tag="999" ind1=" " ind2=" ">
    <subfield code="c">178691</subfield>
    <subfield code="d">178691</subfield>
  </datafield>
  <datafield tag="952" ind1=" " ind2=" ">
    <subfield code="0">0</subfield>
    <subfield code="1">0</subfield>
    <subfield code="2">local</subfield>
    <subfield code="4">0</subfield>
    <subfield code="5">5</subfield>
    <subfield code="7">0</subfield>
    <subfield code="8">TESIS</subfield>
    <subfield code="a">IA_</subfield>
    <subfield code="b">IA_</subfield>
    <subfield code="d">2022-01-18</subfield>
    <subfield code="e">El autor</subfield>
    <subfield code="l">1</subfield>
    <subfield code="o">Tesis M372 2018</subfield>
    <subfield code="p">1101013233</subfield>
    <subfield code="r">2024-07-27 00:25:11</subfield>
    <subfield code="s">2024-07-27</subfield>
    <subfield code="t">Ej. 2</subfield>
    <subfield code="w">2022-01-18</subfield>
    <subfield code="y">CD</subfield>
  </datafield>
  <datafield tag="952" ind1=" " ind2=" ">
    <subfield code="0">0</subfield>
    <subfield code="1">0</subfield>
    <subfield code="2">local</subfield>
    <subfield code="4">0</subfield>
    <subfield code="5">1</subfield>
    <subfield code="7">0</subfield>
    <subfield code="8">TESIS</subfield>
    <subfield code="a">IA_</subfield>
    <subfield code="b">IA_</subfield>
    <subfield code="d">2022-01-18</subfield>
    <subfield code="e">El autor</subfield>
    <subfield code="l">0</subfield>
    <subfield code="o">Tesis M372 2018</subfield>
    <subfield code="p">1101013232</subfield>
    <subfield code="r">2022-01-18 00:00:00</subfield>
    <subfield code="t">Ej. 1</subfield>
    <subfield code="w">2022-01-18</subfield>
    <subfield code="y">CD</subfield>
  </datafield>
  <datafield tag="952" ind1=" " ind2=" ">
    <subfield code="0">0</subfield>
    <subfield code="1">0</subfield>
    <subfield code="2">local</subfield>
    <subfield code="4">0</subfield>
    <subfield code="7">0</subfield>
    <subfield code="8">TesDigM</subfield>
    <subfield code="a">IA_</subfield>
    <subfield code="b">IA_</subfield>
    <subfield code="c">E_L</subfield>
    <subfield code="d">2024-06-25</subfield>
    <subfield code="e">El autor</subfield>
    <subfield code="l">0</subfield>
    <subfield code="p">1201013232</subfield>
    <subfield code="r">2024-06-25 00:00:00</subfield>
    <subfield code="w">2024-06-25</subfield>
    <subfield code="y">TD</subfield>
  </datafield>
</record>
